000 00303nam a22001217a 4500
008 230608b xxu||||| |||| 00| 0 eng d
082 _a597.096
_bCOP
100 _cHugh Copley
245 _aThe Game Fishes of Africa
260 _aLondon
_bH. F. & G. Witherby LTD
_c1952
300 _a276p
942 _2ddc
_cBK
999 _c830
_d830